Science Quiz

Random Science or Biology Quiz

Find the Red Animals Quiz Stats

 Plays Quiz Updated Apr 6, 2019

Score 0/20 Timer 04:00
13 Plays Today
% Correct
Mediterranean Red Sea Star
93.1%
Tschudi's False Coral Snake
93%
Red Squirrel
92.6%
Red Kangaroo
92.5%
Red Panda
90.8%
Christmas Island Red Crab
88.7%
Red-Headed Cardinal Beetle
87.9%
Red Velvet Ant
86.5%
Northern Cardinal
85.1%
Purus Red Howler
84%
% Correct
Seven-Spot Ladybird
83.9%
Strawberry Poison Dart Frog
83.1%
Western Scorpionfish
82.5%
Siamese Fighting Fish
81.9%
Red Velvet Mite
80.9%
Scarlet Ibis
80.6%
Tomato Frog
79.7%
Red Lory
73.3%
Blood-Red Glider
64.5%
Scarlet Macaw
59.9%

You're not logged in!

Compare scores with friends on all Sporcle quizzes.
OR
Log In

Sporcle TV

Today on Sporcle TV


Watch our educational content, quiz creation guides, and fun videos on Sporcle TV.

Show Comments

Extras

Top Quizzes Today


Score Distribution

Your Account Isn't Verified!

In order to create a playlist on Sporcle, you need to verify the email address you used during registration. Go to your Sporcle Settings to finish the process.

Report this User

Report this user for behavior that violates our Community Guidelines.

Details: